Blížia sa Dni knižníc Košického kraja

Bibliographic Details
Main Author: Pavúk, Maroš (Author)
Format: Article
Language:Slovak
Subjects:

MARC

LEADER 00000nab a2200000 a 4500
001 vtls000897554
003 SK-MaSNL
005 20260302174648.0
008 040720e19980317xo 0 slo
035 |a KE6577 
040 |a KEVKJB  |b slo  |c KEVKJB  |e AACR2 
041 0 |a slo 
044 |a xo  |c SK 
080 |a 027  |2 1981 
100 1 |a Pavúk, Maroš  |4 aut  |9 880501 
245 1 0 |a Blížia sa Dni knižníc Košického kraja 
518 |a 18.-27.3.1998 
611 1 7 |a Dni knižníc Košického kraja  |2 KEVKJB  |9 879214 
650 0 7 |a knižnice  |2 KEVKJB  |9 17965 
650 0 7 |a podujatia pripravované  |2 KEVKJB  |9 878485 
651 7 |a Košice (Slovensko)  |2 KEVKJB  |9 18694 
651 7 |a KE,  |2 KEVKJB  |9 877256 
651 7 |a KE,  |2 KEVKJB  |9 877256 
655 7 |a periodikum  |2 snkbucl  |9 29553 
773 0 8 |t Korzár  |g Roč. 1, č.30, 17.3.1998, s. 9 
852 |a ZVYKNI  |b KIS3GCP 
999 |c 1404706  |d 1406636